Регионална библиотека "Любен Каравелов" - Русе

Истината за Metallica (Запис номер 80352)

MARC детайли
000 -Лидер
Контролно поле с фиксирана дължина 01376nam a2200313 c 4500
003 - Код на организацията, давaща контролен номер
Контролно поле BLK
005 - Дата и час на последна редакция
Контролно поле 20241005121218.0
008 - Елементи от данни с фиксирана дължина
fixed length control field 180408b bul|||||r ||||||| ||bul||
020 ## - Международен стандартен номер на книга ISBN
Международен стандартен номер на книга ISBN 9789549190052
040 ## - Източник на каталожния запис
Идентификатор на билиотеката - собственик на записа BLK
041 ## - Код за език
Код за езика на текст/звукозапис или на отделно заглавие Български
Код за езика КДБФ Български
080 ## - УДК
Текстов определител УДК Американска литература (на САЩ)
УДК код - определител по УДК 821.111(73)
УДК определител -31
УДК - код + определител 821.111(73)-31
080 ## - УДК
Текстов определител УДК Други видове песни. - Естрада, джаз. Стари градски. Рок-и попмузика. Чалга(поп-фолк)
УДК код - определител по УДК 784.7
УДК определител (73)(092)
УДК - код + определител 784.7(73)(092)
080 ## - УДК
Текстов определител УДК Биографии
УДК код - определител по УДК 929
УДК определител (73)
УДК - код + определител 929(73)
100 1# - Редна дума - Автор
Автор Макайвър, Джоел
Авторска отговорност първи автор
R(LIN) 297589
139 ## - Редно поле
Редна дума Макайвър, Джоел
Авторски знак Мак - М 19
245 10 - Сведения за заглавието
Заглавие Истината за Metallica
Редно поле (дума) Джоел Макайвър; прев. от англ. Антония Господинова Халачева.
257 ## - Страна на издаване
Страна на създаване/издаване Съединени американски щати
260 ## - Област на издателските данни
Име на издателя, разпространителя и проч. Адикс
Година на издаване 2008
Място на издаване, разпространение и проч. София
300 ## - Физическа характеристика
Страници 416 с.
Илюстрации и др. със сн.
Размери/Мащаб 24 см
380 ## - Жанр
Жанр Худож. лит.
500 ## - Общи забележки
Забележка В кн. погрешно означено 2. изд. <br/>доп. тир. 2023
653 ## - Ключова дума – ненормативна
Ключова дума хеви метъл
9 (RLIN) 199816
700 1# - Други автори (авторска отговорност)
Лично име Халачева, Антония Господинова
Автороска отговорност (Описва отношението между автора и произведението) прев. от англ.
9 (RLIN) 291434
856 4# - Електронен адрес и достъп
Електронен формат pdf - файл
856 4# - Електронен адрес и достъп
Електронен формат pdf - файл
942 ## - АРТИКУЛИ
Вид на библиотечния материал Книги
Скрит в OPAC Не
Koha issues (borrowed), all copies 14
999 ## - СИСТЕМНИ КОНТРОЛНИ НОМЕРА
Koha biblionumber 80352
Koha biblioitemnumber 80352
944 ## - СЪЗДАВАНЕ И РЕДАКЦИЯ на ЗАПИСА
Служител, извършил регистрацията/редакцията 30546
Статус, дата на статуса Ренета Константинова
Наличности
Код за отписване Код за изгубен артикул Източник на класификационната схема Код за повреда Коз за рестрикции Код за отдаване Артикулен № Име на библиотеката - собственик Име на библиотеката, в която се намира в момента Статус (Текущо местоположение) Дата на вписване в системата Местоположение - отдел Цена в лева Инвентарен номер Систематично азбучна сигнатура Баркод Номер на екземпляра Цена в евро Служебна бележка Служебен тип на артикула
Изтеглен Не е изгубен Universal Decimal Classification Не е повреден без рестрикции заемане за дома 130210 Регионална библиотека "Любен Каравелов" Русе Регионална библиотека "Любен Каравелов" Русе Заемна - подръчен фонд 2008-08-14 Заемна - подръчен фонд 19.99 120000727951 П 820(73)-31/М 19 120000727951 1 10.22 Дост: Pk Вид: Ф N: 6873 Дата: 01.08.2008 Книги
  Не е изгубен   Не е повреден без рестрикции заемане за дома 130211 Регионална библиотека "Любен Каравелов" Русе Регионална библиотека "Любен Каравелов" Русе Заемна - подръчен фонд 2008-08-14 Заемна - подръчен фонд 19.99 120000727952 П 820(73)-31/М 19 120000727952 2 10.22 Дост: Pk Вид: Ф N: 6873 Дата: 01.08.2008 Дата инв: 17.02.2018 Бележки инв: П2018 Книги
  Не е изгубен Universal Decimal Classification Не е повреден   заемане за дома 939966 Регионална библиотека "Любен Каравелов" Русе Регионална библиотека "Любен Каравелов" Русе Заемна - подръчен фонд 2024-02-07 Заемна - подръчен фонд 12.71 120000898995 821-9/М 19 Д 120000898995   6.50   Книги
  Не е изгубен Universal Decimal Classification Не е повреден   заемане за дома 939967 Регионална библиотека "Любен Каравелов" Русе Регионална библиотека "Любен Каравелов" Русе Заемна - подръчен фонд 2024-02-07 Заемна - подръчен фонд 12.71 120000898994 821-9/М 19 Д 120000898994   6.50   Книги
Vip Innovations Ltd, Rousse, Bulgaria 2025